Семантика фразеологізмів з компонентами-топонімами (Запис № 283966)

МАРК-запис
000 -LEADER
fixed length control field 01826nam a22001577a 4500
041 ## - LANGUAGE CODE
Language code of text/sound track or separate title ukr
080 ## - UNIVERSAL DECIMAL CLASSIFICATION NUMBER
Universal Decimal Classification number 09
090 ## - LOCALLY ASSIGNED LC-TYPE CALL NUMBER (OCLC); LOCAL CALL NUMBER (OCLC)
Local cutter number (OCLC) ; Book number/undivided call number, CALL (RLIN) СОБ
100 ## - MAIN ENTRY--PERSONAL NAME
Personal name Соболь Т.М.
245 ## - TITLE STATEMENT
Title Семантика фразеологізмів з компонентами-топонімами
260 ## - PUBLICATION, DISTRIBUTION, ETC. (IMPRINT)
Place of publication, distribution, etc Острог
Name of publisher, distributor, etc КАФ
Date of publication, distribution, etc 2007
300 ## - PHYSICAL DESCRIPTION
Extent 69
520 ## - SUMMARY, ETC.
Summary, etc Вступ<br/>Розділ 1. Вживання топонімії у контексті фразеології.<br/>1.1 Поняття та проблеми фразеології.<br/>1.2 Класифікація фразеологізмів.<br/>1.3 Власні назви в складі фразеологічних одиниць.<br/>1.4 Ономастика та її підвиди.<br/>1.5 Антропонімія в сучасному світі.<br/>Розділ 2. Роль топонімії в контексті лінгвістики.<br/>2.1 Загальне визначення топонімії.<br/>2.2 Топонімія в сучасному світі.<br/>2.3 Історичний вплив іншомовних народностей на розвиток англійської топонімії.<br/>Розділ 3. Функціонально-семантичний аналіз фразеологічних одиниць з компонентами-топонімами.<br/>3.1 Семантика англійських фразеологічних одиниць з компонентами-топонімами.<br/>3.2 Семантика американських ФО з компонентами-топонімами.<br/>3.3 Інші ФО з компонентами-топонімами.<br/>Висновки<br/>Список використаної літератури<br/>Додатки
-- фразеологія, семантика, топоніми
650 ## - SUBJECT ADDED ENTRY--TOPICAL TERM
Topical term or geographic name as entry element Research Papers
942 ## - ADDED ENTRY ELEMENTS (KOHA)
Koha item type Книги
Фонди
Withdrawn status Lost status Source of classification or shelving scheme Damaged status Not for loan Home library Current library Date acquired Source of acquisition Cost, normal purchase price Total Checkouts Full call number Barcode Date last seen Price effective from Koha item type
    Universal Decimal Classification     ВІЛ - Відділ іноземн. літератури НБ ВІЛ - Відділ іноземн. літератури НБ 16/04/2009 Акт №1 1.00   09 213550 15/12/2021 16/04/2009 Книги